| 000 | 00645nam a2200229Ia 4500 | ||
|---|---|---|---|
| 003 | OSt | ||
| 005 | 20220928151658.0 | ||
| 006 | a|||||r|||| 00| 0 | ||
| 007 | ta | ||
| 008 | 220927b |||||||| |||| 00| 0 eng d | ||
| 024 | _a130712 | ||
| 037 | _cReference Collections | ||
| 040 |
_aSDCL _cSDCL _beng |
||
| 041 |
_2eng _aeng |
||
| 082 | _aNWk2,N94, N4 RR | ||
| 100 |
_aRajadhyakasha Ashish _9518116 |
||
| 245 | 0 | _aencyclopaedia of indian cinema | |
| 260 | _c1994 | ||
| 700 |
_a Willeman Paul _9518117 |
||
| 942 |
_hNWk2,N94, N4 RR _cREF _2CC |
||
| 999 |
_c852785 _d852785 |
||